Country to Population Click Quiz #2 - Statistics

General Stats
  • This quiz has been taken 22 times
  • The average score is 8 of 16
Answer Stats
Hint Explanation Answer % Correct
Saint Lucia 184,100 A. under 1 million
90%
Uruguay 3.49 mil B. 1 to 10 million
85%
Malta 563,443 A. under 1 million
65%
Belize 410,919 A. under 1 million
65%
Belarus 9.1 mil B. 1 to 10 million
60%
North Macedonia 1.8 mil B. 1 to 10 million
60%
Malaysia 34.1 mil C. 10 to 50 million
55%
Suriname 616,500 A. under 1 million
50%
Germany 83.4 mil D. 50 to 100 million
50%
Iran 85.9 mil D. 50 to 100 million
50%
Laos 7.5 mil B. 1 to 10 million
40%
East Timor 1.3 mil B. 1 to 10 million
35%
Cameroon 28.7 mil C. 10 to 50 million
30%
Jordan 11.7 mil C. 10 to 50 million
30%
Myanmar 51.3 mil D. 50 to 100 million
30%
Uzbekistan 37. 5 mil C. 10 to 50 million
25%
No matching quizzes found
Score Distribution
Percent of People with Each Score
Percentile by Number Answered
Your Score History
You have not taken this quiz